| 000 | 00849nam a2200229 a 4500 | ||
|---|---|---|---|
| 999 |
_c10600 _d10600 |
||
| 001 | 10600 | ||
| 003 | BD-JhCC | ||
| 005 | 20190617134007.0 | ||
| 008 | 180728s20121995ii |||| |||| 000 0 ben d | ||
| 035 | _a(BD-JhCC)10600 | ||
| 040 |
_aBD-JhCC _dBD-JhCC |
||
| 041 | _aben | ||
| 082 |
_a891.4409 _bCHA 2012 |
||
| 100 | _aচট্রোপাধ্যায়, কুন্তল | ||
| 245 |
_aসাহিত্যের রূপ-রীতি ও অন্যান্য প্রসঙ্গ / _cকুন্তল চট্রোপাধ্যায় |
||
| 260 |
_aকলকাতা : _bরত্নাবলী প্রকাশনী, _c২০১২. |
||
| 300 |
_a455 P. : _c21 cm. |
||
| 650 |
_aBengali literature _xHistory and Critisiam |
||
| 650 | _aবাংলা সাহিত্য | ||
| 942 |
_2ddc _cBK _04 |
||